| 000 | 00793nam a2200229 a 4500 | ||
|---|---|---|---|
| 005 | 20240924070143.0 | ||
| 008 | 070816s19901999mx r 000 0 spa d | ||
| 020 | _a8476582463 | ||
| 035 | _aUPN01000150949 | ||
| 049 | _aCG | ||
| 050 | 4 |
_aBH183 _bS3.4 |
|
| 100 | 1 | _aSchiller, Friedrich | |
| 245 | 1 | 0 |
_aKallias ; Cartas sobre la educación estética del hombre / _cFriedrich Schiller ; estudio introductorio, tr. Jaime Feijóo. |
| 260 |
_aBarcelona, Esp. : _bAnthropos, _c1990 (1999 impr.). |
||
| 300 | _acxlvi, 397 p. | ||
| 440 | 0 |
_aTextos y documentos ; _v8 |
|
| 590 | _a(También localizas un ejemplar en el "Area de Reserva") | ||
| 590 | _aBibliografía Básica (BGTQ) | ||
| 650 | 2 |
_aEstética _95739 |
|
| 740 | 0 | _aCartas sobre la educación estética del hombre | |
| 905 | _aLibro | ||
| 999 |
_c123089 _d123089 |
||